| 000 | 00446nam a22000977a 4500 | ||
|---|---|---|---|
| 999 |
_c2813 _d2813 |
||
| 008 | 180813b ||||| |||| 00| 0 eng d | ||
| 100 | _aRaine, David | ||
| 245 | _aSir George Somers : a man and his times | ||
| 260 |
_c1986 _dPompano Publications |
||
| 650 | _aSomers, George, Sir, 1554-1610. Explorers--Great Britain--Biography. Merchant mariners--Great Britain--Biography. Virginia--History--Colonial period, ca. 1600-1775. Bermuda Islands--History. | ||